| 000 | 00724nam a2200241 a 4500 | ||
|---|---|---|---|
| 999 |
_c12237 _d12237 |
||
| 001 | 12237 | ||
| 003 | BD-JhCC | ||
| 005 | 20220531134022.0 | ||
| 008 | 210829b2021 bg |||| ||a| 001 0 ben d | ||
| 020 | _a9789849554950 | ||
| 035 | _a(BD-JhCC)12237 | ||
| 040 |
_aBD-JhCC _dBD-JhCC |
||
| 041 | _abengali | ||
| 082 |
_a378.78 _bHAS 2021 |
||
| 100 | _aহাসান,রাগিব | ||
| 245 |
_aআমেরিকায় উচ্চশিক্ষা / _cরাগিব হাসান । |
||
| 260 |
_aঢাকা: _bআদর্শ; _c২০২১. |
||
| 300 |
_a160 p. : _c22 cm. |
||
| 650 | _aEducation Higher | ||
| 650 |
_aUniversities and colleges _zUnited states |
||
| 942 |
_2ddc _cBK _01 |
||